[Event "BCF-chT2a 1617 (4NCL)"]
[Site "England"]
[Date "2017.03.04"]
[Round "7.18"]
[White "Klingher, Bernard"]
[Black "Kearney, James"]
[Result "0-1"]
[WhiteElo "1304"]
[BlackElo "1700"]
[PlyCount "76"]
[EventDate "2016.11.19"]
[EventType "team-tourn"]
[EventRounds "11"]
[EventCountry "ENG"]
[SourceTitle "EXT 2019"]
[Source "ChessBase"]
[SourceDate "2018.10.10"]
[SourceVersion "1"]
[SourceVersionDate "2018.10.10"]
[SourceQuality "1"]
[WhiteTeam "Barbican Youth"]
[BlackTeam "Warwicks Select II"]
[WhiteTeamCountry "ENG"]
[BlackTeamCountry "ENG"]

1. d4 Nf6 2. Bf4 g6 3. Nc3 d5 4. Nf3 Bg7 5. e3 0-0 6. Be2 b6 7. 0-0 Bb7 8. h3 c5 9. Nb5 Nc6 10. c3 a6 11. Na3 Re8 12. Nc2 Ne4 13. Nd2 e5 14. dxe5 Bxe5 15. Nxe4 dxe4 16. Qxd8 Raxd8 17. Bh6 Rd2 18. Bc4 b5 19. Bxf7+ Kxf7 20. Rad1 Red8 21. Rxd2 Rxd2 22. Rc1 Kf6 23. Bf8 Bd6 24. Bxd6 Rxd6 25. Ne1 Ne5 26. f4 Nc4 27. Kf2 Nxb2 28. Rc2 Nd3+ 29. Nxd3 exd3 30. Rd2 Be4 31. g4 a5 32. Kg3 b4 33. cxb4 axb4 34. g5+ Ke6 35. h4 c4 36. h5 c3 37. Rd1 c2 38. Rc1 d2 0-1